000 00296nam a22001337a 4500
008 170228b xxu||||| |||| 00| 0 eng d
020 _a9780763721787
041 _aeng
080 _239
_a616.8 006
100 _a6
101 _aSHM
245 _aPANCREATIC CANCER
_cHOFF.D.D.V
942 _2udc
_cBK
999 _c6394
_d6394